LIBRARY & INFORMATION CENTRE, KCAET, TAVANUR

ONLINE PUBLIC ACCESS CATALOGUE (OPAC)

Streamline flow / (Record no. 1930)

MARC details
000 -LEADER
fixed length control field 00433cam a2200181ua 4500
041 ## - LANGUAGE CODE
Language code of text/sound track or separate title eng
082 ## - DEWEY DECIMAL CLASSIFICATION NUMBER
Classification number 532.54
Item number PUR/ST
100 ## - MAIN ENTRY--AUTHOR NAME
Personal name Purday, H.F.P .
245 ## - TITLE STATEMENT
Title Streamline flow /
250 ## - EDITION STATEMENT
Edition statement 1 /
260 ## - PUBLICATION, DISTRIBUTION, ETC. (IMPRINT)
Place of publication London :
Name of publisher Constable and Company Ltd ,
Year of publication 1949.
300 ## - PHYSICAL DESCRIPTION
Number of Pages 185 ; .
942 ## - ADDED ENTRY ELEMENTS (KOHA)
Koha item type Books
Holdings
Withdrawn status Lost status Damaged status Home library Current library Date acquired Full call number Accession Number Koha item type
      KAUAET KAUAET 07/04/2012 532.54 PUR/ST 3478 Books
free website counter